10 Closest Capitals to Stockholm - Statistics

General Stats
  • This quiz has been taken 269 times
  • The average score is 8 of 10
Answer Stats
km Answer % Correct
397 Helsinki
97%
418 Oslo
97%
523 Copenhagen
95%
813 Berlin
93%
447 Riga
87%
809 Warsaw
85%
680 Vilnius
80%
380 Tallinn
77%
838 Minsk
66%
1055 Prague
64%
No matching quizzes found
Score Distribution
Percent of People with Each Score
Percentile by Number Answered
Your Score History
You have not taken this quiz